| 000 | 00689nam a2200241 a 4500 | ||
|---|---|---|---|
| 999 |
_c11526 _d11526 |
||
| 001 | 11526 | ||
| 003 | BD-JhCC | ||
| 005 | 20191027093937.0 | ||
| 008 | 171219s1986 maua 000 0 eng | ||
| 010 | _a 85031082 | ||
| 020 |
_a0871509504 (pbk.) : _c$12.00 |
||
| 035 | _a(BD-JhCC)11526 | ||
| 040 |
_aDLC _cDLC _dDLC _dBD-JhCC |
||
| 050 | 0 | 0 |
_aQA303 _b.G67 1986 |
| 082 | 0 | 0 |
_a515 _219 _bGOR 1986 |
| 100 | 1 | _aGordon, Sheldon P. | |
| 245 | 1 | 0 |
_aCalculus and the computer / _cSheldon P. Gordon. |
| 260 |
_aBoston : _bPrindle, Weber & Schmidt, _cc1986. |
||
| 300 |
_axiv, 237 p. : _bill. ; _c24 cm. |
||
| 500 | _aIncludes index. | ||
| 650 | 0 |
_aCalculus _xData processing. |
|
| 942 |
_2ddc _cBK |
||